000
00273nam a22000977a 4500
008
260410b |||||||| |||| 00| 0 eng d
020
_a
9789367477984
100
_a
Oswaal
_9
7599
245
_a
Oswaal NCERT Textbook Solutions (English Class-7)
260
_a
New Delhi
_b
Oswaal Books
999
_c
12853
_d
12853